[Event "Vanya Somov Memorial 2018"]
[Site "Kirishi"]
[Date "2018.05.15"]
[Round "1.1"]
[White "Sargsyan, Shant"]
[Black "Shubin, Kirill"]
[Result "1/2-1/2"]
[WhiteElo "2489"]
[BlackElo "2317"]
[Annotator "TA"]
[PlyCount "69"]
[EventDate "2018.05.15"]
[EventType "tourn"]
[EventRounds "11"]
[EventCountry "RUS"]

{[%evp 13,69,39,62,46,88,71,135,139,113,122,113,106,106,70,122,68,66,14,14,13,16,13,12,15,13,15,21,0,13,3,9,-5,-5,-7,-7,-6,-8,-5,-4,-6,-6,-6,-4,-6,-6,-6,0,0,0,0,0,-4,0,-4,0,0,0,-20]} 1. Nf3 Nf6 2. c4 e6 3. g3 a6 4. Bg2 b5 5. b3 c5 6. Nc3 {A13: English Opening: 1...e6} (6. O-O Bb7 7. Bb2 Be7 8. d3 O-O 9. Nbd2 Nc6 10. e3 Qb6 11. a3 bxc4 12. Nxc4 Qa7 13. e4 d5 14. exd5 Nxd5 15. Rc1 Rfd8 16. Qe2 Bf6 17. Nce5 {½-½ (51) Esen,B (2528)-Heberla,B (2577) Kocaeli 2017}) 6... Qb6 7. e4 d6 {LiveBook: 5 Games} 8. d4 $1 {White is slightly better.} cxd4 9. Nxd4 ({But not} 9. Qxd4 Qxd4 10. Nxd4 bxc4 $11) 9... Bb7 ({Black should play} 9... b4) 10. cxb5 $146 ({Predecessor:} 10. O-O Be7 11. cxb5 O-O 12. Re1 axb5 13. Ndxb5 Na6 {1-0 (40) Plischki,S (2415)-Rydl,J (2196) Prague 2017}) 10... axb5 11. O-O b4 12. Na4 Qa5 13. Re1 Nbd7 {[#]} (13... Be7 $14) 14. a3 (14. Bb2 $1 $16) 14... d5 $1 $14 {[%cal Rf6e4]} 15. exd5 (15. e5 $1 $14 Ne4 16. Re3) 15... Bxd5 $11 {The position is equal.} 16. Nc6 Qb5 17. Nxb4 Bxg2 18. Kxg2 Bxb4 19. axb4 O-O ({Don't play} 19... Qxb4 $6 20. Ba3 $16) 20. Bd2 Rad8 21. Bc3 Nd5 22. Qg4 {[%csl Gc3][%cal Rg4g7] [#]} N7f6 23. Bxf6 Nxf6 24. Qc4 Qb7+ 25. Kg1 $1 $132 {[%mdl 2048] White is fighting back} Rb8 26. Nc5 Qxb4 27. Qxb4 Rxb4 28. Rec1 g6 29. Kg2 Nd5 30. Ra7 Re8 31. Rc4 Rb5 32. h4 h5 33. Ra3 Reb8 34. Ra7 Re8 35. Ra2 {Precision: White = 55%, Black = 59%.} 1/2-1/2

[Event "Vanya Somov Memorial 2018"]
[Site "Kirishi"]
[Date "2018.05.15"]
[Round "1.2"]
[White "Kacharava, Nikolozi"]
[Black "Gharibyan, Mamikon"]
[Result "1-0"]
[WhiteElo "2392"]
[BlackElo "2269"]
[PlyCount "125"]
[EventDate "2018.05.15"]
[EventType "tourn"]
[EventRounds "11"]
[EventCountry "RUS"]

1. e4 e5 2. Nf3 Nc6 3. Bc4 Bc5 4. c3 Nf6 5. d3 d6 6. O-O a5 7. a4 O-O 8. Bg5 h6 9. Bh4 g5 10. Bg3 Bg4 11. Nbd2 Nh5 12. Kh1 Nf4 13. Re1 Qf6 14. Nf1 Ng6 15. Ne3 Bxf3 16. gxf3 Nce7 17. h3 h5 18. Rg1 Kg7 19. Qe2 Rh8 20. Rad1 Rae8 21. Rd2 c6 22. d4 exd4 23. cxd4 Bxd4 24. Rxd4 Qxd4 25. Rd1 Qb6 26. Bxd6 g4 27. Qc2 Rh6 28. Qc3+ f6 29. e5 fxe5 30. Bxe5+ Kh7 31. Rd7 Qb4 32. Qxb4 axb4 33. Bf6 Rf8 34. Bxe7 Nxe7 35. Rxe7+ Kh8 36. fxg4 hxg4 37. Nxg4 Rxh3+ 38. Kg2 Rh7 39. Re5 Rd7 40. Rh5+ Rh7 41. Re5 Rd7 42. Kg3 Rd1 43. Rh5+ Kg7 44. Rg5+ Kh8 45. Kg2 Rf4 46. Ne5 Rf6 47. b3 Rd4 48. f4 Rd2+ 49. Kg3 Rd1 50. f5 Rd4 51. Ng4 Rf8 52. f6 Kh7 53. Rg7+ Kh8 54. Rg6 Rxc4 55. bxc4 b3 56. Rh6+ Kg8 57. Kf4 Rd8 58. Rh3 Rd4+ 59. Kf5 b5 60. Rxb3 Rxc4 61. axb5 Rc5+ 62. Ke6 cxb5 63. Ne5 1-0

[Event "Vanya Somov Memorial 2018"]
[Site "Kirishi"]
[Date "2018.05.15"]
[Round "1.3"]
[White "Murzin, Volodar"]
[Black "Pultinevicius, Paulius"]
[Result "1-0"]
[WhiteElo "2302"]
[BlackElo "2402"]
[PlyCount "101"]
[EventDate "2018.05.15"]
[EventType "tourn"]
[EventRounds "11"]
[EventCountry "RUS"]

1. e4 c6 2. Nf3 d5 3. Nc3 Bg4 4. h3 Bxf3 5. Qxf3 e6 6. d4 dxe4 7. Qxe4 Nf6 8. Qd3 Na6 9. a3 Be7 10. Be2 O-O 11. Bf3 Qb6 12. O-O Rfd8 13. Be3 Rac8 14. Rfd1 Rd7 15. Ne4 Qd8 16. Qe2 Nd5 17. Bd2 c5 18. dxc5 Nxc5 19. Nxc5 Bxc5 20. c4 Nb6 21. Bc3 Bd4 22. Bxd4 Rxd4 23. Qe3 Rxd1+ 24. Rxd1 Qc7 25. c5 Nd7 26. b4 h6 27. Qd4 Nf6 28. Qd6 Qxd6 29. Rxd6 Rb8 30. c6 bxc6 31. Rxc6 Rd8 32. b5 Kf8 33. a4 e5 34. Rc7 e4 35. Bg4 h5 36. Be2 Rd2 37. Bc4 Rd1+ 38. Kh2 Rd7 39. Rxd7 Nxd7 40. a5 Nc5 41. b6 a6 42. h4 Ke7 43. Kg3 f6 44. Kf4 g6 45. g3 Kd6 46. Bf7 Nd3+ 47. Kxe4 Nxf2+ 48. Kd4 g5 49. Bxh5 Nh1 50. Bg4 Nxg3 51. h5 1-0

[Event "Vanya Somov Memorial 2018"]
[Site "Kirishi"]
[Date "2018.05.15"]
[Round "1.5"]
[White "Zarubitski, Viachaslau"]
[Black "Lobanov, Sergei"]
[Result "1/2-1/2"]
[WhiteElo "2435"]
[BlackElo "2515"]
[Annotator "TA"]
[PlyCount "43"]
[EventDate "2018.05.15"]
[EventType "tourn"]
[EventRounds "11"]
[EventCountry "RUS"]

{[%evp 18,43,12,12,13,15,4,19,21,12,22,0,0,-8,-7,4,0,-15,-13,0,0,0,0,-14,-14,-5,-5,-10]} 1. e4 c6 2. Nf3 d5 3. Nc3 Nf6 4. e5 Ne4 5. Ne2 Qb6 6. d4 {B11: Caro-Kann (Zweispringer-Variante)} e6 7. Ng3 c5 8. c3 Nc6 9. Bd3 Nxg3 10. hxg3 {LiveBook: 19 Partien. Die Stellung ist ausgeglichen.} cxd4 11. cxd4 Bd7 12. Kf1 h6 ({Aber nicht} 12... Nxd4 $2 13. Be3 $18) 13. g4 {[#]} Nb4 $146 ({Jedoch nicht} 13... Nxd4 $2 14. Be3 $18) 14. Bb1 Rc8 15. Be3 Qa6+ 16. Kg1 Qa4 17. Qxa4 Bxa4 18. Ne1 Kd7 19. g5 Nc2 20. Bxc2 Bxc2 21. gxh6 gxh6 22. Rc1 {Precision: Weiß = 84%, Schwarz = 97%.} 1/2-1/2

[Event "Vanya Somov Memorial 2018"]
[Site "Kirishi"]
[Date "2018.05.15"]
[Round "1.6"]
[White "Hakobyan, Aram"]
[Black "Shevchenko, Kirill"]
[Result "1/2-1/2"]
[WhiteElo "2542"]
[BlackElo "2569"]
[Annotator "TA"]
[PlyCount "188"]
[EventDate "2018.05.15"]
[EventType "tourn"]
[EventRounds "11"]
[EventCountry "RUS"]

{[%evp 24,188,12,7,41,12,51,57,53,58,58,58,74,69,48,45,52,32,19,30,98,36,35,45,105,44,68,68,75,71,72,62,58,58,66,31,31,31,34,31,33,33,37,35,64,68,71,68,64,64,74,14,17,19,33,33,33,33,37,37,60,60,60,60,62,55,55,55,62,62,68,62,79,62,65,65,69,58,79,79,81,82,82,85,110,87,87,87,97,85,85,85,85,85,92,85,96,99,99,100,100,100,106,107,125,125,125,125,125,125,125,125,125,125,125,125,125,125,125,125,125,0,0,0,0,0,0,0,0,0,0,0,0,0,0,0,0,0,0,0,0,0,0,0,0,0,0,0,0,0,0,0,0,0,0,0,0,0,0,0,0,0,0,0,0,0,8]} 1. Nf3 Nf6 2. c4 e6 3. g3 Be7 4. Bg2 O-O 5. O-O d5 6. b3 c5 7. cxd5 Nxd5 8. d4 Nc6 9. Bb2 cxd4 10. Nxd4 Bd7 11. Na3 Bf6 12. Nc4 Nxd4 13. Bxd4 {LiveBook: 5 Games} Bc6 {A14: English Opening: 1...e6 with b3 by White} 14. Rc1 (14. Ne5 Rc8 15. Rc1 Bxe5 16. Bxe5 Qa5 17. Ba1 Qxa2 18. e4 Ne7 19. Qg4 e5 20. Bxe5 Ng6 21. Bd6 {½-½ (37) Grischuk,A (2761)-Karjakin,S (2781) Paris 2017}) 14... Rc8 $146 ({Predecessor:} 14... Re8 15. Ne5 Bxe5 16. Bxe5 Nb4 17. Bxc6 Nxc6 18. Bd6 Qa5 19. Qc2 Rac8 20. Qb2 Qf5 21. Rfe1 e5 22. e3 h5 23. Red1 h4 24. Qe2 h3 25. Rd5 {0-1 (25) Pereira,J-Bray,J Benedita 2000}) 15. Bxf6 ({Of course not} 15. Bxa7 Nc3 $15) 15... Qxf6 {White is slightly better.} 16. e4 Nb4 17. Qd2 Qe7 18. Nd6 $36 {[%mdl 2048] White is pushing.} Rcd8 19. Rfd1 Na6 20. e5 Bxg2 21. Kxg2 f6 (21... Nc7 $11 {remains equal.}) 22. Qe3 (22. exf6 $16 Qxf6 23. f4) 22... fxe5 $14 23. Qxe5 Rd7 (23... Nb4 $14) 24. Ne4 (24. Rc8 $16) 24... h6 25. Rd6 Rxd6 26. Qxd6 Qxd6 27. Nxd6 {[%mdl 4096] Endgame KRN-KRN} Nb4 28. Rc7 Nxa2 29. Rxb7 Nc1 30. f4 Rd8 31. Ne4 Rd5 32. b4 {Hoping for Nc5.} Nd3 33. Kf3 Rd4 34. Ke3 Rxb4 35. Rxa7 Nb2 36. Nc5 Rb6 37. Kd4 ({White should play} 37. Re7 $16) 37... Rd6+ 38. Ke4 Nc4 39. Re7 Nd2+ 40. Ke3 Nc4+ 41. Kf3 Kf8 42. Rxe6 Rxe6 43. Nxe6+ {KN-KN} Kf7 44. Nd4 Nd2+ 45. Ke2 Ne4 46. Ke3 Nf6 47. Kf3 Nd5 48. Nf5 Kf6 49. Ne3 Nc3 50. g4 Nb5 51. Ke4 Nd6+ 52. Kd5 Nf7 53. Kd4 Nd8 54. Ke4 Ne6 55. Nd5+ Kf7 56. h4 Nc5+ 57. Kd4 Ne6+ 58. Ke5 Nc5 59. Nb6 Nd3+ 60. Ke4 Nc5+ 61. Kd4 Ne6+ 62. Ke5 Nc5 63. Nc4 Nd7+ 64. Kd6 Nf6 65. Ne5+ Kg8 66. Ke6 Ne4 67. Ng6 Nf6 68. Kf5 Nd5 69. Ke5 Ne3 {[#]} 70. g5 $1 hxg5 71. hxg5 Kf7 72. Ke4 (72. f5 $16) 72... Kxg6 $11 {The position is equal.} 73. Kxe3 {KPP-KP} Kf5 74. Kf3 Ke6 $1 75. Ke4 g6 76. Ke3 Ke7 77. Kd3 Kd7 $1 78. Ke2 Ke6 79. Kf2 {Black must now prevent Ke3.} Kd7 80. Kg3 {Kf3 is the strong threat.} Ke7 81. Kg4 Ke6 82. Kh4 Kf7 83. Kg3 Ke7 84. Kf2 Kd7 85. Ke1 Ke7 86. Kd2 Kd6 87. Kc3 Ke6 88. Kd4 Kd6 $1 89. Kc3 {[#] And now Kd4 would win.} Ke6 {( -> ...Kf5)} 90. Kd3 (90. Kd2 {with more complications.} Kd6) 90... Kd7 91. Ke3 {Threatens to win with Kd4.} Ke7 $1 92. Kf2 Kd7 93. Kg2 {aiming for Kf3.} Ke6 94. Kg3 Ke7 {Precision: White = 68%, Black = 74%.} 1/2-1/2

[Event "Vanya Somov Memorial 2018"]
[Site "Kirishi"]
[Date "2018.05.16"]
[Round "2.1"]
[White "Shubin, Kirill"]
[Black "Shevchenko, Kirill"]
[Result "1/2-1/2"]
[WhiteElo "2317"]
[BlackElo "2569"]
[Annotator "TA"]
[PlyCount "57"]
[EventDate "2018.05.15"]
[EventType "tourn"]
[EventRounds "11"]
[EventCountry "RUS"]

{[%evp 23,57,0,0,0,0,0,63,0,20,0,114,111,103,114,112,96,104,93,91,98,102,97,100,111,91,86,109,108,117,89,79,39,41,0,0,0]} 1. d4 Nf6 2. Nf3 e6 3. Bf4 c5 4. e3 d5 5. Nbd2 Nc6 6. c3 Bd6 7. Bg3 O-O 8. Bd3 b6 9. Qe2 {D02: 1 d4 d5 2 Nf3 sidelines, including 2...Nf6 3 g3 and 2...Nf6 3 Bf4} Bb7 10. Rd1 Re8 11. e4 Be7 12. e5 Nh5 {LiveBook: 19 Games} 13. h4 $146 {[%cal Bh2h4,Bh4h5][%mdl 32]} ({Predecessor:} 13. a3 g6 14. Qe3 {1-0 (31) Esipenko,A (2571)-Matlakov,M (2709) Moscow 2018}) 13... Nxg3 14. fxg3 g6 (14... Rf8 $11) 15. g4 cxd4 16. cxd4 f6 (16... Nb4 $11 {remains equal.}) 17. h5 $16 g5 18. O-O Nb4 19. Bb5 Bc6 20. exf6 Bxf6 21. Ne5 Bxe5 22. dxe5 Qe7 {[#] White must now prevent ...Qc5+.} 23. Bxc6 Nxc6 24. Rc1 Rac8 25. Qe3 Nb8 26. Nf3 h6 27. Rxc8 Rxc8 28. Nd4 Nd7 $1 29. Kh2 {Precision: White = 67%, Black = 67%.} 1/2-1/2

[Event "Vanya Somov Memorial 2018"]
[Site "Kirishi"]
[Date "2018.05.16"]
[Round "2.2"]
[White "Lobanov, Sergei"]
[Black "Hakobyan, Aram"]
[Result "1/2-1/2"]
[WhiteElo "2515"]
[BlackElo "2542"]
[Annotator "TA"]
[PlyCount "48"]
[EventDate "2018.05.15"]
[EventType "tourn"]
[EventRounds "11"]
[EventCountry "RUS"]

{[%evp 19,48,6,41,11,20,-19,-15,-24,-25,-42,-25,-32,-25,-25,-22,-29,-31,-46,-34,-36,-34,-30,0,0,0,-8,0,0,22,19,33]} 1. e4 e5 2. Nf3 Nc6 3. Bc4 Bc5 4. c3 Nf6 5. d4 exd4 6. e5 d5 7. Bb5 Ne4 8. cxd4 Bb6 9. Nc3 O-O 10. Be3 {C54: Giuoco Piano: 4 c3 Nf6, main lines with 5 d4 and 5 d3} Ne7 {LiveBook: 18 Games} (10... Bg4 11. h3 Bh5 12. Qc2 Bxf3 13. gxf3 Ng5 14. O-O-O Nxf3 15. Bxc6 bxc6 16. Qf5 Nh4 17. Qg4 Ng6 {½-½ (38) Naiditsch,A (2701)-Anand,V (2776) Karlsruhe/Baden-Baden 2018}) 11. Qc2 Nxc3 12. Qxc3 $146 ({Predecessor:} 12. bxc3 Bf5 13. Bd3 Qd7 14. Bg5 Bxd3 15. Qxd3 Ng6 16. O-O h6 {½-½ (62) Pourkashiyan,A (2229)-Yahya,M (2145) Abu Dhabi 2004}) 12... Bg4 13. Nh4 {[#]} c5 $1 {[%mdl 512]} 14. O-O (14. dxc5 Ba5) 14... Nc6 15. Bxc6 $1 cxd4 16. Bxd4 bxc6 17. g3 Re8 18. Rac1 c5 19. Bxc5 d4 20. Bxb6 Qxb6 21. Qd2 {The position is equal.} Rad8 22. Rfe1 d3 23. Re3 Be2 24. Ng2 Rb8 {Precision: White = 60%, Black = 67%.} 1/2-1/2

[Event "Vanya Somov Memorial 2018"]
[Site "Kirishi"]
[Date "2018.05.16"]
[Round "2.3"]
[White "Nesterov, Arseniy"]
[Black "Zarubitski, Viachaslau"]
[Result "1/2-1/2"]
[WhiteElo "2395"]
[BlackElo "2435"]
[Annotator "TA"]
[PlyCount "32"]
[EventDate "2018.05.15"]
[EventType "tourn"]
[EventRounds "11"]
[EventCountry "RUS"]

{[%evp 9,32,0,0,0,0,-18,-8,-3,0,0,16,12,10,17,18,15,18,18,32,36,33,33,35,38,24]} 1. d4 d5 2. c4 c6 3. e3 Bf5 4. cxd5 cxd5 5. Qb3 Qd7 (5... Qc7 6. Nc3 e6 7. e4 Bxe4 8. Bf4 Qb6 9. Nb5 Qa5+ 10. Kd1 Na6 11. Rc1 Qb4 12. Qxb4 Bxb4 13. a3 {1-0 (49) Onischuk,A (2681)-Hasangatin,R (2502) chess.com INT 2018}) 6. Nf3 {e4! is the strong threat. D10: Slav Defence: 3 cxd5 (without early Nf3) and 3 Nc3} Nc6 7. Bb5 e6 8. Ne5 {The position is equal.} Qc8 $146 ({Predecessor:} 8... Qc7 9. Nc3 Bd6 10. f4 Nge7 11. Bd3 a6 12. Bxf5 Nxf5 13. a3 O-O 14. Bd2 Rfd8 15. Rc1 {½-½ (15) Honert,S (1315)-Mook,K (1312) Hanau 2013}) 9. Bd2 Bd6 10. Bb4 Bxb4+ 11. Qxb4 Nge7 12. Nxc6 bxc6 13. Be2 Rb8 14. Qa3 {White is slightly better.} Qb7 15. b3 Bxb1 16. Rxb1 Qb4+ 1/2-1/2

[Event "Vanya Somov Memorial 2018"]
[Site "Kirishi"]
[Date "2018.05.16"]
[Round "2.5"]
[White "Gharibyan, Mamikon"]
[Black "Murzin, Volodar"]
[Result "1-0"]
[WhiteElo "2269"]
[BlackElo "2302"]
[PlyCount "69"]
[EventDate "2018.05.15"]
[EventType "tourn"]
[EventRounds "11"]
[EventCountry "RUS"]

1. d4 Nf6 2. Nf3 g6 3. c4 Bg7 4. Nc3 O-O 5. e4 d6 6. Be2 e5 7. O-O Nc6 8. Be3 Ng4 9. Bg5 f6 10. Bh4 h5 11. d5 Ne7 12. Nd2 Nh6 13. f3 g5 14. Bf2 Ng6 15. c5 Nf4 16. Nc4 dxc5 17. Bxc5 Rf7 18. Rc1 f5 19. Bf2 Nxe2+ 20. Qxe2 f4 21. Nb5 a6 22. Nxc7 Rxc7 23. Bb6 Qd7 24. Bxc7 Qxc7 25. Qf2 Qd8 26. Nb6 Rb8 27. Rc2 Nf7 28. Rfc1 Nd6 29. Qc5 Bf5 30. exf5 e4 31. fxe4 Nxe4 32. Qc8 Bd4+ 33. Kf1 Nd6 34. Qe6+ Nf7 35. Rc8 1-0

[Event "Vanya Somov Memorial 2018"]
[Site "Kirishi"]
[Date "2018.05.16"]
[Round "2.6"]
[White "Sargsyan, Shant"]
[Black "Kacharava, Nikolozi"]
[Result "1-0"]
[WhiteElo "2489"]
[BlackElo "2392"]
[Annotator "TA"]
[PlyCount "107"]
[EventDate "2018.05.15"]
[EventType "tourn"]
[EventRounds "11"]
[EventCountry "RUS"]

{[%evp 15,107,23,18,-16,0,-26,44,41,31,30,56,20,77,69,169,12,9,14,10,0,49,51,54,57,68,63,63,56,60,57,43,53,44,8,8,8,8,19,66,66,71,69,74,79,59,28,125,34,88,47,154,147,154,141,191,192,707,214,215,222,267,708,399,277,1314,1210,1194,1166,1659,1531,1343,1114,29950,29950,5616,5675,4708,2064,1733,1175,29968,29962,29954,5595,29981,29982,29982,29983,29983,29983,29982,29984,29984,29985]} 1. d4 d5 2. e4 e6 3. Nf3 Nf6 4. g3 c5 5. exd5 exd5 6. Bg2 {C01: Französische Verteidigung (Abtauschvariante)} Nc6 7. O-O Be7 8. Nc3 (8. dxc5 O-O 9. Nbd2 Bxc5 10. Nb3 Bb6 11. c3 Ne4 12. Be3 Bxe3 13. fxe3 {½-½ (50) Tomashevsky,E (2716)-Najer,E (2679) Doha 2016}) 8... O-O {LiveBook: 27 Partien} 9. b3 Ne4 $146 ({Vorgänger:} 9... Bg4 10. dxc5 Bxc5 11. Bb2 Qd7 12. Rc1 Be7 13. Nb5 Rac8 14. Nbd4 Nxd4 15. Qxd4 {0-1 (15) Mamedyarov,S (2479)-Manafov,I (2108) Baku 2001}) 10. Bb2 Bf6 ({Günstiger ist} 10... Bg4 $11) 11. Nxe4 $14 dxe4 12. Nd2 Bxd4 13. Bxd4 (13. c3 {keeps more tension.} Bxf2+ 14. Kxf2 Bg4 15. Qe1 Ne5 16. Kg1) 13... Nxd4 (13... cxd4 $11 14. Bxe4 Re8) 14. Nxe4 $16 Bg4 (14... Bf5 $14) 15. f3 $2 (15. Qxg4 $18 f5 16. Qd1 fxe4 17. Bxe4) 15... Bf5 $11 16. c3 Bxe4 17. cxd4 Bg6 (17... Bc6 {is interesting.} 18. dxc5 Qa5 19. Qc2 Rad8 20. Rfd1 Rfe8) 18. f4 {[%cal Bf3f4,Bf4f5][%mdl 32] [#] Droht stark f5.} Qxd4+ 19. Qxd4 cxd4 20. f5 Bh5 21. Rf4 $1 {g4 ist eine echte Drohung.} f6 22. g4 Bf7 23. Rxd4 Rad8 24. Rad1 Rxd4 25. Rxd4 {[%mdl 4096] Endspiel KTL-KTL} b6 26. Rd7 h5 27. Rxa7 hxg4 28. Rb7 Rc8 29. Rxb6 Rc1+ 30. Bf1 Bh5 (30... Kh7 $11 {bleibt in der Remisbreite.}) 31. Re6 (31. a4 $16) 31... g6 (31... Ra1 $14) 32. Kg2 gxf5 (32... Kg7 $14) 33. Rxf6 $16 Rc2+ 34. Kg3 Rxa2 35. Rxf5 Bf7 $2 (35... Be8 36. Rf2 Ra1 37. Bc4+ Kg7 38. Kxg4 Bd7+ 39. Kh4 Rd1) 36. Rg5+ $2 (36. Bc4) 36... Kf8 37. Bc4 {[#] Schwarz muss nun Tf5 beachten.} ({Schwächer ist} 37. Rxg4 Bxb3 38. Rd4 Ra4 $14) ({Nicht} 37. Kxg4 Rxh2 38. Rb5 Be6+ 39. Kf3 Bxb3 $14) 37... Bxc4 38. bxc4 $18 {KT-KT} Kf7 39. Rxg4 Ke6 $2 (39... Ra3+ 40. Kh4 Kf6 41. Rf4+ Ke5) 40. h4 Ra1 41. Kf4 Kf6 42. Ke4 Ke6 43. Kd4 Kd6 44. Rg6+ Kd7 45. Kd5 Rd1+ 46. Kc5 Ra1 47. Rg7+ Kc8 48. Kb6 Rf1 49. c5 (49. h5 $142 Kd8 50. Rh7 Ke8 51. h6 Rb1+ 52. Kc6 Rh1 53. c5 Kf8 54. Kb7 Rb1+ 55. Kc7) 49... Rh1 50. Rg8+ {Weiß setzt Matt.} Kd7 51. c6+ {[%cal Bc5c6,Bc6c7][%mdl 32]} Kd6 52. Rd8+ Ke7 53. c7 Rb1+ 54. Ka5 {Precision: Weiß = 64%, Schwarz = 24%.} 1-0

[Event "Vanya Somov Memorial 2018"]
[Site "Kirishi"]
[Date "2018.05.17"]
[Round "3.1"]
[White "Kacharava, Nikolozi"]
[Black "Shubin, Kirill"]
[Result "1/2-1/2"]
[WhiteElo "2392"]
[BlackElo "2317"]
[PlyCount "64"]
[EventDate "2018.05.15"]
[EventType "tourn"]
[EventRounds "11"]
[EventCountry "RUS"]

1. e4 e6 2. d4 d5 3. Nd2 c5 4. exd5 Qxd5 5. Ngf3 cxd4 6. Bc4 Qd7 7. O-O Nc6 8. Nb3 a6 9. Nbxd4 Nxd4 10. Nxd4 Nf6 11. Bg5 b5 12. Bb3 Ne4 13. Be3 Nc5 14. c3 Nxb3 15. Nxb3 Qxd1 16. Rfxd1 Bb7 17. Na5 Bd5 18. b3 Be7 19. c4 bxc4 20. bxc4 Be4 21. f3 Bc2 22. Rd2 Ba4 23. Rb1 O-O 24. Rb7 Bd8 25. Bb6 Bg5 26. Rd3 Rfc8 27. Kf2 Bf6 28. Ke3 h5 29. Kd2 Re8 30. Rb3 Kf8 31. a3 Be7 32. Rc3 Bf6 1/2-1/2

[Event "Vanya Somov Memorial 2018"]
[Site "Kirishi"]
[Date "2018.05.17"]
[Round "3.2"]
[White "Murzin, Volodar"]
[Black "Sargsyan, Shant"]
[Result "0-1"]
[WhiteElo "2302"]
[BlackElo "2489"]
[Annotator "TA"]
[PlyCount "246"]
[EventDate "2018.05.15"]
[EventType "tourn"]
[EventRounds "11"]
[EventCountry "RUS"]

{[%evp 21,246,16,16,0,0,-9,0,-2,10,0,8,0,14,-12,20,27,38,32,47,18,5,14,15,0,0,0,0,0,17,10,12,0,30,12,37,17,24,16,22,27,34,39,52,52,49,54,83,0,0,0,0,0,0,0,0,0,0,0,0,0,0,0,0,0,0,0,0,0,0,0,0,-2,-2,-2,-2,0,-2,-8,0,-18,-18,-18,0,0,0,0,0,-2,-2,-18,-18,-18,-18,-48,-18,-18,-18,-18,-18,-18,-18,-18,-18,-18,-18,-18,-18,-18,-18,-18,-18,-18,-18,-18,-18,-18,-18,-18,-18,-18,-18,-18,-18,-18,0,0,0,0,0,-18,-18,-18,-18,-18,0,-18,-18,-18,-18,-18,-18,-18,-18,-18,-18,-18,-18,-18,-18,-18,-2,-2,-2,-2,-2,-2,-2,-8,-8,-8,-8,-8,0,-8,-8,-8,-8,-8,-8,-114,-114,-114,-114,-114,-114,-114,0,-114,-8,-8,-8,-8,-8,-8,-8,-8,-8,-8,-8,-8,-8,-8,-8,-8,-8,-8,0,-8,-8,-8,0,0,0,0,0,0,0,-8,0,-8,0,0,0,0,0,-29976,0,0,0,-29977,-29978,-29978,-29979,-29979,-29980,-29978,-29979]} 1. e4 e5 2. Nf3 Nc6 3. Bc4 Bc5 4. d3 Nf6 5. Nc3 O-O 6. O-O h6 7. h3 d6 8. Na4 Bb6 9. a3 Be6 10. Nxb6 axb6 11. Bxe6 fxe6 12. Qe2 {C50: Italienische Partie} (12. Re1 Qd7 13. d4 exd4 14. Nxd4 Nxd4 15. Qxd4 e5 16. Qc4+ Kh8 17. Be3 Ra4 18. b4 Rfa8 19. Bc1 b5 {0-1 (53) Shyam,S (2468)-Efimenko,Z (2648) Dubai 2014}) 12... Qe8 13. Be3 Qg6 $146 ({Vorgänger:} 13... Nh5 14. c3 Nf4 15. Bxf4 Rxf4 16. Qe3 Qg6 17. Rae1 Raf8 18. Nd2 Qg5 19. g3 Qg6 20. Kh2 {0-1 (38) Scholtes,M-Dirmeier,M Pinneberg 1996}) 14. Rad1 {Die Stellung ist ausgeglichen.} Nh5 15. Nh4 Qf7 16. c3 Rae8 17. d4 Kh7 18. Nf3 Nf4 19. Bxf4 $1 Qxf4 20. dxe5 Nxe5 21. Nxe5 Qxe5 22. g3 g5 23. Rd3 Re7 24. Rf3 Rg8 25. Kg2 h5 26. Rh1 Rg6 27. Qe3 Qb5 28. Qd2 Kg8 29. Re1 Qe5 30. Qd4 g4 31. hxg4 hxg4 32. Rf4 Qxd4 33. cxd4 $14 {[%mdl 4096] Endspiel KTT-KTT} c5 34. dxc5 (34. e5 $16) 34... bxc5 $11 35. Rd1 e5 36. Rf5 Rf7 37. Rh5 Rf3 38. Rd2 Rb3 39. Rh1 Kf7 40. Rh7+ Ke6 41. Rc7 b6 {[%cal Bb7b6,Bb6b5,Bb5a4][%mdl 32]} 42. Rb7 b5 43. Rc7 Rg8 44. Rh7 Rg6 45. Rc7 c4 46. a4 Rd3 47. Re2 bxa4 48. Rxc4 Rd4 49. Rc7 Rg8 50. b3 axb3 51. Rb7 Rd1 52. Rxb3 Rh8 53. f3 gxf3+ 54. Rxf3 Rhh1 55. Kf2 Rdf1+ 56. Ke3 Ra1 57. Rd2 Ra3+ 58. Ke2 Rh2+ 59. Rf2 Rh3 60. Rf3 Rxg3 61. Rxa3 Rxa3 {KT-KT} 62. Kf2 Rh3 63. Rd1 Kd7 64. Rc1 Ra3 65. Ke2 Ra5 66. Kd3 Rb5 67. Ke3 Rc5 68. Ra1 Kc7 69. Kd3 Kb6 70. Ra8 Ra5 71. Rb8+ $1 Kc6 72. Rc8+ Kb5 73. Rb8+ Kc5 74. Rc8+ Kb6 75. Rc1 Rc5 76. Rb1+ Kc6 77. Ra1 Kd7 78. Ra8 Rc1 79. Ra7+ Ke6 80. Ra8 Kf6 81. Rg8 Rh1 82. Ke3 Rh6 83. Rg1 Ke6 84. Rg7 Rh3+ 85. Ke2 d5 86. exd5+ Kxd5 87. Ra7 $1 Ke4 88. Ra4+ Kf5 89. Ra8 Kf4 90. Kf2 Rh2+ 91. Ke1 Rh3 92. Ra4+ e4 {[#] Und ...Kf3 würde nun gewinnen.} 93. Ra8 $1 Kf3 94. Re8 Ke3 {[%cal Rh3h1]} (94... Rh7 {keeps more tension.} 95. Kd2 Rf7 96. Rh8 Rd7+ 97. Ke1 Rb7) 95. Kd1 (95. Kf1 $1 $11) 95... Rh1+ $17 96. Kc2 Ra1 97. Re7 Ra2+ 98. Kd1 Ra1+ 99. Kc2 Kf3 (99... Rg1 $17 {Droht ...Tg4.} 100. Re8 Kf3) 100. Kd2 $1 $11 Ra2+ 101. Ke1 $1 Rb2 {Weiss sollte ...Th2 verhindern.} 102. Re8 Re2+ 103. Kf1 Rc2 {[%cal Rc2c1]} 104. Ke1 Ke3 {[%cal Rc2c1]} (104... Rh2 {with more complications.} 105. Rf8+ Ke3 106. Kf1 Rh7 107. Ra8 Rd7) 105. Kf1 $1 Rc1+ 106. Kg2 Rd1 107. Re7 $1 Re1 108. Ra7 Rd1 {zielt auf ...Kd3 ab.} 109. Re7 Rd4 {Weiss muss nun ...Ke2 beachten.} 110. Rf7 Ke2 111. Rf2+ Ke1 {( -> ...Td2)} 112. Rf1+ $1 Kd2 113. Ra1 Ke2 {Und weiter mit ...e3 wäre nett.} 114. Ra2+ Rd2 115. Ra3 e3 (115... Ke1+ {seems wilder.} 116. Kg1 Rd3 117. Ra1+ Rd1 118. Ra3 Ke2+) 116. Kg3 Rd3 117. Ra1 $1 Rc3 {Droht ...Tc2 und aus.} 118. Ra2+ $2 {[%mdl 8192] [#]} (118. Ra8 $11) 118... Ke1 $2 (118... Kd1 {setzt Matt} 119. Ra1+ Rc1 120. Ra7 e2 121. Rd7+ Kc2 122. Rc7+ Kb2 123. Rb7+ Kc3 124. Rc7+ Kd2 125. Rd7+ Ke1 126. Kg2 Rd1 127. Ra7 Kd2 128. Ra2+ Kd3 129. Ra3+ Kc4 130. Ra4+ Kc5 131. Ra5+ Kd4 132. Ra4+ Kd5 133. Ra5+ Kc4 134. Ra4+ Kb3 135. Re4 e1=Q 136. Rxe1 Rxe1 137. Kf3 Re5 138. Kf4 Rc5 139. Ke3 Kc3 140. Ke4 Rb5 141. Ke3 Rb4 142. Ke2 Re4+ 143. Kf3 Kd3 144. Kf2 Re3 145. Kf1 Re2 146. Kg1 Ke3 147. Kf1 Kf3 148. Kg1 Kg3 149. Kf1 Re3 150. Kg1 Re1#) 119. Ra1+ Ke2 $2 {[%mdl 8192]} (119... Kd2 $11) 120. Ra2+ Kd1 {Schwarz setzt Matt.} 121. Ra1+ Rc1 122. Ra8 e2 123. Rd8+ Kc2 {Precision: Weiß = 66%, Schwarz = 65%.} 0-1